[Event "Varennes"]
[Site "Varennes CAN"]
[Date "2011.11.06"]
[Round "4"]
[White "Gagnon, Serge"]
[Black "Lacroix, Serge"]
[Result "1-0"]
[WhiteElo "2113"]
[BlackElo "1816"]
[PlyCount "103"]
[EventDate "2011.11.04"]
[EventType "swiss"]
[EventRounds "5"]
[EventCountry "CAN"]

1. d4 Nf6 2. c4 e6 3. Nc3 d5 4. Nf3 Be7 5. Bg5 O-O 6. e3 b6 7. Rc1 Ba6 8. Qa4
Bb7 9. b4 dxc4 10. Bxc4 Bxf3 11. gxf3 a6 12. O-O Qd7 13. Qb3 c6 14. Rfd1 Nd5
15. Bxe7 Qxe7 16. Bxd5 cxd5 17. f4 Nd7 18. a4 Rfc8 19. b5 a5 20. Ne2 Qh4 21.
Ng3 h5 22. Kg2 Qg4 23. f3 Qg6 24. h4 Qf6 25. Nxh5 Qxh4 26. Rh1 Qe7 27. Rc6 g6
28. Ng3 Kg7 29. Qc2 Rh8 30. Rc1 Qh4 31. Rg1 Qh2+ 32. Kf1 Qxc2 33. Rxc2 Rhc8 34.
Rgg2 Nf6 35. Rh2 Ne8 36. Ke1 Nd6 37. Nf1 Rh8 38. Kd1 Nc4 39. Rhf2 Rh1 40. Ke2
Rah8 41. Kd3 Rg1 42. Nd2 Rd1 43. Rc3 Rhh1 44. e4 Nb2+ 45. Kc2 Nxa4 46. Ra3 Ra1
47. Rxa1 Rxa1 48. Kb3 f6 49. Rf1 Rxf1 50. Nxf1 Nc5+ 51. dxc5 bxc5 52. b6 1-0

[Event "Varennes"]
[Site "Varennes CAN"]
[Date "2011.11.06"]
[Round "5"]
[White "Lacroix, Serge"]
[Black "Lalumiere, Claude"]
[Result "0-1"]
[WhiteElo "1816"]
[BlackElo "1769"]
[PlyCount "69"]
[EventDate "2011.11.04"]
[EventType "swiss"]
[EventRounds "5"]
[EventCountry "CAN"]

1. d4 Nf6 2. c4 c5 3. d5 b5 4. cxb5 a6 5. bxa6 Bxa6 6. Nc3 g6 7. e4 Bxf1 8.
Kxf1 d6 9. Nf3 Nbd7 10. g3 Bg7 11. Kg2 O-O 12. Re1 Qa5 13. h3 Rfb8 14. Qc2 Nb6
15. Nd2 Nfd7 16. Nb3 Qa6 17. Bg5 Nc8 18. a4 h6 19. Bf4 Na7 20. Nd2 Rb7 21. b3
Rab8 22. Rac1 g5 23. Be3 Ne5 24. f4 gxf4 25. Bxf4 Nd3 26. Re3 Nxc1 27. Qxc1 Rb4
28. Qc2 c4 29. bxc4 Rb2 30. Qd3 R8b3 31. e5 dxe5 32. Bxe5 Bxe5 33. Rxe5 Qa5 34.
Rxe7 Qxc3 35. Qxc3 0-1

[Event "Juste pour jouer"]
[Site "Montreal CAN"]
[Date "2011.10.09"]
[Round "5"]
[White "Pregent, Daniel"]
[Black "Lacroix, Serge"]
[Result "0-1"]
[WhiteElo "1819"]
[BlackElo "1814"]
[PlyCount "78"]
[EventDate "2011.10.07"]
[EventType "swiss"]
[EventRounds "7"]
[EventCountry "CAN"]

1. d4 Nf6 2. Nf3 e6 3. c4 b6 4. g3 Ba6 5. Qc2 Bb4+ 6. Nbd2 O-O 7. Bg2 d5 8. O-O
Bb7 9. a3 Be7 10. cxd5 exd5 11. b4 a5 12. b5 c6 13. bxc6 Nxc6 14. Rb1 Rb8 15.
Qd3 Re8 16. Qb5 Ba8 17. Bb2 Ne4 18. e3 Bf6 19. Rfe1 Na7 20. Qd3 Nc8 21. Re2
Ncd6 22. Bh3 b5 23. Bc1 Nc4 24. Nb3 Be7 25. Nc5 Bxc5 26. dxc5 Nxc5 27. Qf5 g6
28. Qf4 Re4 29. Qh6 f6 30. Nd4 b4 31. f3 Re5 32. Kg2 Qe7 33. axb4 axb4 34. Ra1
b3 35. Rf2 Re8 36. Rxa8 Rxa8 37. Nc6 Qe8 38. Nxe5 Qxe5 39. e4 Ra2 0-1

[Event "Juste pour jouer"]
[Site "Montreal CAN"]
[Date "2011.10.09"]
[Round "6"]
[White "Lacroix, Serge"]
[Black "Turcotte, Jonathan"]
[Result "1/2-1/2"]
[WhiteElo "1814"]
[BlackElo "1973"]
[PlyCount "84"]
[EventDate "2011.10.07"]
[EventType "swiss"]
[EventRounds "7"]
[EventCountry "CAN"]

1. d4 d5 2. c4 c6 3. e3 Bf5 4. Bd3 Bxd3 5. Qxd3 Nf6 6. Nf3 e6 7. O-O Nbd7 8.
Nc3 Bd6 9. b3 O-O 10. Bb2 Qe7 11. e4 dxe4 12. Nxe4 Nxe4 13. Qxe4 Rfe8 14. Rfe1
Ba3 15. Bxa3 Qxa3 16. Re2 a5 17. Rae1 Qd6 18. h3 Nf6 19. Qe5 Red8 20. g4 a4 21.
Kg2 axb3 22. Qxd6 Rxd6 23. axb3 h6 24. Rd2 Kf8 25. Ree2 Nh7 26. Ra2 Rdd8 27. h4
Nf6 28. Rxa8 Rxa8 29. Kg3 Ra3 30. Re3 Nd7 31. Ne5 Ke7 32. g5 hxg5 33. hxg5 f6
34. gxf6+ gxf6 35. Ng6+ Kf7 36. Nf4 e5 37. dxe5 fxe5 38. Nd3 Kf6 39. b4 e4 40.
Nc5 Rxe3+ 41. fxe3 Nxc5 42. bxc5 Kg5 1/2-1/2

[Event "Juste pour jouer"]
[Site "Montreal CAN"]
[Date "2011.10.10"]
[Round "7"]
[White "Rondon, Luciano"]
[Black "Lacroix, Serge"]
[Result "0-1"]
[WhiteElo "1851"]
[BlackElo "1814"]
[PlyCount "126"]
[EventDate "2011.10.07"]
[EventType "swiss"]
[EventRounds "7"]
[EventCountry "CAN"]

1. d4 Nf6 2. Nf3 e6 3. c4 b6 4. g3 Ba6 5. b3 Bb4+ 6. Bd2 Be7 7. Nc3 d5 8. Bg2
Bb7 9. O-O c5 10. cxd5 exd5 11. Bf4 Nc6 12. dxc5 bxc5 13. Ne5 Nd4 14. Re1 O-O
15. e4 dxe4 16. Nxe4 Nxe4 17. Bxe4 Bxe4 18. Rxe4 Qd5 19. Re3 Rfe8 20. Nf3 Bf6
21. Nxd4 Bxd4 22. Rxe8+ Rxe8 23. Be3 Rxe3 24. fxe3 Bxe3+ 25. Kf1 Bd4 26. Rc1
Qh1+ 27. Ke2 Qxh2+ 28. Kf3 Qf2+ 29. Kg4 h5+ 30. Kh3 Qf5+ 31. Kg2 Qg5 32. Rc2 h4
33. Qf3 hxg3 34. Re2 g6 35. Qxg3 Qc1 36. Qh2 Qg5+ 37. Qg3 Qd5+ 38. Qf3 Qd7 39.
Re1 a5 40. Rh1 Qd8 41. Rf1 Qg5+ 42. Kh3 Qh6+ 43. Kg2 Qd2+ 44. Kh3 f6 45. Qd5+
Kg7 46. Qb7+ Kh6 47. Qe7 Qd3+ 48. Kg2 Kg5 49. Qe1 Qc2+ 50. Kh3 Qd3+ 51. Qg3+
Qxg3+ 52. Kxg3 f5 53. Rc1 f4+ 54. Kf3 Kf5 55. Rh1 g5 56. Rh7 g4+ 57. Kg2 f3+
58. Kg3 Be5+ 59. Kf2 Ke4 60. Rh4 Kf4 61. Kf1 Bf6 62. Rh7 g3 63. Rf7 Kg5 0-1

[Event "Montreal op U2000"]
[Site "Montreal CAN"]
[Date "2011.09.10"]
[Round "3"]
[White "Lacroix, Serge"]
[Black "Wang, Yan"]
[Result "0-1"]
[WhiteElo "1729"]
[BlackElo "1587"]
[PlyCount "104"]
[EventDate "2011.09.09"]
[EventType "swiss"]
[EventRounds "5"]
[EventCountry "CAN"]

1. d4 d5 2. c4 c6 3. Nc3 Nf6 4. Nf3 e6 5. Bf4 Bd6 6. Bxd6 Qxd6 7. e3 O-O 8.
cxd5 exd5 9. Bd3 h6 10. O-O Be6 11. a3 Nbd7 12. b4 Rac8 13. Qe2 Rfe8 14. h3 Qe7
15. Na4 Ra8 16. Rfc1 Rec8 17. Nc5 Nxc5 18. bxc5 Nd7 19. a4 b6 20. cxb6 axb6 21.
Rc3 Qb4 22. Rac1 c5 23. Bb5 f5 24. Ne1 c4 25. g4 Nf6 26. f3 fxg4 27. hxg4 Bd7
28. Bxd7 Nxd7 29. e4 Re8 30. e5 Rxa4 31. Ng2 b5 32. Nf4 Nb6 33. Qc2 Qe7 34. Qg6
Rb8 35. Qc6 Qe8 36. Nxd5 Qxc6 37. Ne7+ Kf8 38. Nxc6 Rc8 39. Rb1 Nd5 40. Rcc1
Rxc6 41. Rxb5 Nf4 42. Rc2 c3 43. d5 Rc8 44. d6 Rd4 45. Rb3 Rd1+ 46. Kf2 Rd2+
47. Rxd2 cxd2 48. d7 Rd8 49. Rb1 Rxd7 50. Rd1 Rd3 51. Kg3 Ne2+ 52. Kf2 Nc3 0-1

[Event "Mercredi 2011.08.31 ABCD"]
[Site "Montreal CAN"]
[Date "2011.08.31"]
[Round "1"]
[White "Lacroix, Serge"]
[Black "Bergeron, Rene"]
[Result "1-0"]
[WhiteElo "1729"]
[BlackElo "1709"]
[PlyCount "75"]
[EventDate "2011.08.31"]
[EventType "tourn"]
[EventRounds "5"]
[EventCountry "CAN"]

1. e4 d5 2. exd5 Qxd5 3. d4 Nf6 4. Nc3 Qa5 5. Nf3 Bg4 6. Bb5+ c6 7. Be2 Nbd7 8.
O-O e6 9. Bd2 Bd6 10. Nb5 Bb4 11. Bxb4 Qxb4 12. Nc7+ Ke7 13. Nxa8 Rxa8 14. a3
Qa5 15. a4 Qh5 16. Re1 Re8 17. c4 Ne4 18. h3 Bxh3 19. gxh3 Qxh3 20. Bf1 Qg4+
21. Bg2 f5 22. Nd2 Qg6 23. Nxe4 fxe4 24. Rxe4 Nf6 25. Qe2 Nxe4 26. Qxe4 Qf6 27.
Rd1 Rf8 28. Rd2 Qh6 29. Qe3 Qg6 30. d5 Rf6 31. d6+ Kd7 32. Rd1 Qc2 33. Rd2 Qc1+
34. Kh2 Rh6+ 35. Bh3 Rg6 36. f4 Qxc4 37. f5 Rh6 38. fxe6+ 1-0

[Event "Mercredi 2011.08.31 ABCD"]
[Site "Montreal CAN"]
[Date "2011.09.07"]
[Round "2"]
[White "Cote, Philippe"]
[Black "Lacroix, Serge"]
[Result "1/2-1/2"]
[WhiteElo "1654"]
[BlackElo "1729"]
[PlyCount "117"]
[EventDate "2011.08.31"]
[EventType "tourn"]
[EventRounds "5"]
[EventCountry "CAN"]

1. e4 Nf6 2. e5 Nd5 3. c4 Nb6 4. c5 Nd5 5. Nc3 Nxc3 6. dxc3 b6 7. Bc4 Bb7 8.
Nf3 e6 9. cxb6 axb6 10. O-O d5 11. Bb3 Nd7 12. Re1 Be7 13. Bc2 c5 14. Bf4 c4
15. Nd4 Nc5 16. Qh5 g6 17. Qh6 Bf8 18. Qh3 Qd7 19. a4 O-O-O 20. b4 cxb3 21.
Nxb3 Nxb3 22. Bxb3 Bc5 23. a5 bxa5 24. Rxa5 Bb6 25. Ra2 Kc7 26. Be3 Ra8 27.
Bxb6+ Kxb6 28. Rb1 Kc7 29. Rab2 Bc6 30. Bc2 h5 31. Qe3 Rhb8 32. Rxb8 Rxb8 33.
Rxb8 Kxb8 34. Qb6+ Qb7 35. Qxb7+ Kxb7 36. Kf1 Kb6 37. Ke2 Kc5 38. Kd2 d4 39. f4
Bxg2 40. Ba4 dxc3+ 41. Kxc3 Bc6 42. Bb3 Bb5 43. h4 Bd7 44. Kd3 Bb5+ 45. Ke3 Kc6
46. Bc2 Kd7 47. Bb3 Ke7 48. Bc2 Be8 49. Kf3 f6 50. exf6+ Kxf6 51. Kg3 e5 52.
fxe5+ Kxe5 53. Bd3 Kf6 54. Be2 Bd7 55. Ba6 g5 56. hxg5+ Kxg5 57. Kh2 h4 58. Bb7
Kf4 59. Ba6 1/2-1/2

[Event "Mercredi 2011.08.31 ABCD"]
[Site "Montreal CAN"]
[Date "2011.09.14"]
[Round "3"]
[White "Nardone, Raul"]
[Black "Lacroix, Serge"]
[Result "0-1"]
[WhiteElo "1799"]
[BlackElo "1729"]
[PlyCount "111"]
[EventDate "2011.08.31"]
[EventType "tourn"]
[EventRounds "5"]
[EventCountry "CAN"]

1. d4 f5 2. c4 Nf6 3. Nc3 e6 4. Nf3 d5 5. g3 c6 6. Bg2 Bd6 7. Bg5 Nbd7 8. c5
Bc7 9. O-O O-O 10. b4 Qe8 11. b5 Ne4 12. bxc6 bxc6 13. Qc2 Nef6 14. Bxf6 Rxf6
15. Ne5 Kh8 16. f3 Nxc5 17. Nd1 Na6 18. Qxc6 Qxc6 19. Nxc6 Bb7 20. Ne5 Bb6 21.
e3 Rd8 22. Rb1 Nb8 23. Nc3 Ba6 24. Rfc1 Ba5 25. Bf1 Bxf1 26. Kxf1 Bc7 27. Nb5
Bxe5 28. dxe5 Rff8 29. Nd4 Rfe8 30. Rb7 Nd7 31. f4 Nb6 32. Rcc7 Nc4 33. Ke2 Rb8
34. Rxg7 Rbc8 35. Rxh7+ Kg8 36. Rbg7+ Kf8 37. Rxa7 Kg8 38. Rhg7+ Kh8 39. Rgc7
Rb8 40. Rcb7 Rbc8 41. Re7 Rb8 42. Nxe6 Rb2+ 43. Kf3 Nd2+ 44. Kg2 Nc4+ 45. Kh3
Rxe7 46. Rxe7 Rxa2 47. Re8+ Kh7 48. Ng5+ Kg7 49. Re7+ Kf8 50. Rf7+ Ke8 51. Rxf5
Nxe3 52. Rf6 Ra5 53. Re6+ Kd7 54. Rd6+ Ke7 55. Rh6 Ra2 56. Rh7+ 0-1

[Event "Mercredi 2011.08.31 ABCD"]
[Site "Montreal CAN"]
[Date "2011.09.21"]
[Round "4"]
[White "Barko, Maxim"]
[Black "Lacroix, Serge"]
[Result "0-1"]
[WhiteElo "1774"]
[BlackElo "1729"]
[PlyCount "66"]
[EventDate "2011.08.31"]
[EventType "tourn"]
[EventRounds "5"]
[EventCountry "CAN"]

1. d4 e6 2. c4 Bb4+ 3. Nc3 Nf6 4. Qc2 d5 5. e3 O-O 6. Nf3 b6 7. Bd3 Bb7 8. cxd5
exd5 9. O-O Nbd7 10. Ne5 Bxc3 11. bxc3 h6 12. f4 Ne4 13. Ba3 Re8 14. Bb5 Nxe5
15. dxe5 c6 16. Be2 c5 17. Rad1 Qe7 18. Bf3 Rad8 19. c4 f5 20. Bb2 Kh8 21. g3
Qe6 22. Be2 g5 23. Bf3 gxf4 24. gxf4 dxc4 25. h3 Rxd1 26. Rxd1 Rg8+ 27. Kh2 Qg6
28. e6+ c3 29. Bxc3+ Nxc3 30. Qxc3+ Rg7 31. Bg4 fxg4 32. Rd7 g3+ 33. Kg1 Qb1+
0-1

[Event "Mercredi 2011.08.31 ABCD"]
[Site "Montreal CAN"]
[Date "2011.09.28"]
[Round "5"]
[White "Lacroix, Serge"]
[Black "Millette, Sylvain"]
[Result "1-0"]
[WhiteElo "1729"]
[BlackElo "1627"]
[PlyCount "57"]
[EventDate "2011.08.31"]
[EventType "tourn"]
[EventRounds "5"]
[EventCountry "CAN"]

1. d4 Nf6 2. c4 g6 3. g3 d5 4. cxd5 Qxd5 5. Nf3 Ne4 6. Nc3 Nxc3 7. bxc3 c5 8.
Bg2 Bg7 9. O-O cxd4 10. cxd4 Nc6 11. Ne5 Qd6 12. Nxc6 bxc6 13. Bf4 Qd7 14. Qa4
Bb7 15. Rab1 O-O 16. e3 h6 17. h4 Rfe8 18. Rfc1 Rec8 19. Rc2 a5 20. Rbc1 Ra6
21. Rb2 Kh7 22. Qb3 Ba8 23. Qxf7 Rf8 24. Qc4 Bb7 25. Kh2 Ra7 26. Bh3 Qd8 27.
Qc5 Qa8 28. Rcb1 Ba6 29. Rb8 1-0

[Event "Mercredi 2011.05.18 ABCD"]
[Site "Montreal CAN"]
[Date "2011.05.18"]
[Round "1"]
[White "Lacroix, Serge"]
[Black "Nardone, Raul"]
[Result "1/2-1/2"]
[WhiteElo "1812"]
[BlackElo "1777"]
[PlyCount "75"]
[EventDate "2011.05.18"]
[EventType "tourn"]
[EventRounds "5"]
[EventCountry "CAN"]

1. e4 c5 2. f4 d5 3. exd5 Qxd5 4. Nc3 Qd8 5. Nf3 Nc6 6. Bb5 Bd7 7. O-O Rc8 8.
Kh1 a6 9. Bxc6 Bxc6 10. d3 Nf6 11. a4 h5 12. Ne5 Bd5 13. Nxd5 Qxd5 14. Qf3 Qxf3
15. Rxf3 Nd5 16. Bd2 Nf6 17. Re1 Nd7 18. Nc4 Rc6 19. a5 f6 20. f5 Kf7 21. Rfe3
g6 22. fxg6+ Kxg6 23. Re6 Rxe6 24. Rxe6 Kf5 25. Re4 e5 26. Ne3+ Ke6 27. Nc4 f5
28. Re2 Bh6 29. Bc3 Bg7 30. b3 Bf6 31. Bd2 Rg8 32. Ne3 Bg5 33. c4 Nf6 34. Bc3
Rd8 35. Nd5 e4 36. Bxf6 Bxf6 37. dxe4 f4 38. g3 1/2-1/2

[Event "Mercredi 2011.05.18 ABCD"]
[Site "Montreal CAN"]
[Date "2011.05.25"]
[Round "2"]
[White "Chen, Jianqiu"]
[Black "Lacroix, Serge"]
[Result "0-1"]
[WhiteElo "1761"]
[BlackElo "1812"]
[PlyCount "88"]
[EventDate "2011.05.18"]
[EventType "tourn"]
[EventRounds "5"]
[EventCountry "CAN"]

1. e4 Nf6 2. e5 Nd5 3. d4 d6 4. Nf3 g6 5. Bc4 Nb6 6. Bb3 Bg7 7. exd6 cxd6 8.
O-O O-O 9. a4 Nc6 10. a5 Nd7 11. a6 bxa6 12. Bg5 Nb6 13. h3 h6 14. Bh4 Qc7 15.
d5 Ne5 16. Ra2 Nxf3+ 17. Qxf3 f5 18. Re1 g5 19. Bg3 f4 20. Bh2 Nc4 21. Bxc4
Qxc4 22. b3 Qc7 23. Qe2 Rf5 24. c4 Re5 25. Qd1 Rb8 26. Rxe5 dxe5 27. Nd2 Qb6
28. Kh1 e4 29. Bg1 Bf5 30. Nxe4 Bxe4 31. f3 Qxb3 32. Qxb3 Rxb3 33. fxe4 Rb1 34.
Kh2 Be5 35. c5 f3+ 36. g3 h5 37. Bf2 h4 38. Rxa6 hxg3+ 39. Bxg3 Rb2+ 40. Kg1
Bxg3 41. Ra1 Re2 42. Rf1 Rg2+ 43. Kh1 Rh2+ 44. Kg1 f2+ 0-1

[Event "Mercredi 2011.05.18 ABCD"]
[Site "Montreal CAN"]
[Date "2011.06.01"]
[Round "3"]
[White "Lacroix, Serge"]
[Black "Weston, Paul"]
[Result "1-0"]
[WhiteElo "1812"]
[BlackElo "1870"]
[PlyCount "75"]
[EventDate "2011.05.18"]
[EventType "tourn"]
[EventRounds "5"]
[EventCountry "CAN"]

1. e4 e5 2. f4 Bc5 3. Nf3 d6 4. Bc4 Nf6 5. d3 Nc6 6. fxe5 dxe5 7. Bg5 h6 8.
Bxf6 Qxf6 9. c3 Bg4 10. Nbd2 O-O 11. h3 Qf4 12. Qe2 Qg3+ 13. Kd1 Bh5 14. Kc2
Rad8 15. Nf1 Qg6 16. Qd2 Qf6 17. Ne3 Bxe3 18. Qxe3 Na5 19. Bd5 c6 20. Bb3 b6
21. g4 Bg6 22. h4 h5 23. g5 Qd6 24. Nd2 b5 25. a4 Nxb3 26. Nxb3 a6 27. axb5
axb5 28. Nc5 Ra8 29. b4 Rxa1 30. Rxa1 f5 31. Ra7 fxe4 32. Rd7 exd3+ 33. Kd2 Qb8
34. Ne6 e4 35. Rxg7+ Kh8 36. Rc7 Rf7 37. Rxf7 Bxf7 38. Qd4+ 1-0

[Event "Mercredi 2011.05.18 ABCD"]
[Site "Montreal CAN"]
[Date "2011.06.08"]
[Round "4"]
[White "Brassard, Sylvain"]
[Black "Lacroix, Serge"]
[Result "1-0"]
[WhiteElo "1831"]
[BlackElo "1812"]
[PlyCount "183"]
[EventDate "2011.05.18"]
[EventType "tourn"]
[EventRounds "5"]
[EventCountry "CAN"]

1. d4 d5 2. c4 c6 3. Nf3 Nf6 4. Nc3 e6 5. Bg5 Be7 6. e3 O-O 7. Bd3 Nbd7 8. O-O
b6 9. cxd5 cxd5 10. Rc1 a6 11. Bb1 Bb7 12. h3 Rc8 13. a3 h6 14. Bf4 Ne4 15.
Nxe4 dxe4 16. Nd2 Nf6 17. Be5 Nd7 18. Bxe4 Bxe4 19. Nxe4 Rxc1 20. Qxc1 Nxe5 21.
dxe5 Qd5 22. Nd2 Qxe5 23. Nf3 Qb8 24. Qc4 a5 25. Rc1 Bf6 26. b4 Bb2 27. Rb1 Rc8
28. Qb3 Bc3 29. b5 Bf6 30. Qd1 Rd8 31. Qc2 Qd6 32. Qc6 Qd3 33. Qc1 g5 34. Ne1
Qe4 35. f3 Qd5 36. Qc2 Be7 37. a4 Bc5 38. Qe2 Qf5 39. Nc2 Qe5 40. Rb3 Bd6 41.
g4 Bc5 42. Kg2 Bd6 43. Kg1 Qd5 44. Nd4 Bc5 45. Nc6 Qxb3 46. Nxd8 Qxa4 47. Qd3
Qa1+ 48. Kg2 Qb2+ 49. Kg3 Qc1 50. f4 Qg1+ 51. Kf3 Qh1+ 52. Kg3 gxf4+ 53. Kxf4
Qh2+ 54. Ke4 Qxh3 55. Nxe6 Qxg4+ 56. Nf4 f5+ 57. Ke5 Qg7+ 58. Kxf5 Qf7+ 59. Kg4
h5+ 60. Nxh5 Qe6+ 61. Kf3 Qf7+ 62. Nf4 Qb7+ 63. e4 Qf7 64. Qd8+ Kg7 65. Qg5+
Kf8 66. Qd8+ Kg7 67. Kg4 Qe7 68. Nh5+ Kf7 69. Qh8 Qxe4+ 70. Nf4 Qd4 71. Qh5+
Ke7 72. Qh7+ Kd8 73. Qg8+ Kd7 74. Qf7+ Be7 75. Qf5+ Kc7 76. Kh5 Qh8+ 77. Kg4
Qg7+ 78. Kf3 Qc3+ 79. Kg4 Qc4 80. Kh5 Qc5 81. Ne6+ Kb7 82. Nxc5+ Bxc5 83. Qd5+
Kc7 84. Qc6+ Kd8 85. Kg6 Ke7 86. Qe4+ Kd6 87. Kf5 Kd7 88. Qe6+ Kc7 89. Ke5 a4
90. Qc6+ Kd8 91. Ke6 a3 92. Qd7# 1-0

[Event "Mercredi 2011.04.06 ABCD"]
[Site "Montreal CAN"]
[Date "2011.04.11"]
[Round "1"]
[White "Nardone, Raul"]
[Black "Lacroix, Serge"]
[Result "1-0"]
[WhiteElo "1749"]
[BlackElo "1768"]
[PlyCount "61"]
[EventDate "2011.04.06"]
[EventType "tourn"]
[EventRounds "5"]
[EventCountry "CAN"]

1. c4 Nf6 2. Nc3 e6 3. d4 d5 4. Bf4 Bd6 5. Be5 c6 6. Nf3 Bxe5 7. Nxe5 Nbd7 8.
Nxd7 Bxd7 9. e3 O-O 10. Rc1 Qe7 11. Bd3 dxc4 12. Bxc4 e5 13. O-O e4 14. Qc2
Rfe8 15. a4 Rad8 16. Qb3 Bg4 17. Be2 Be6 18. Bc4 Bxc4 19. Qxc4 Qd6 20. Ne2 h5
21. Qc5 Qc7 22. Nf4 g6 23. h4 Nd5 24. Nxd5 Rxd5 25. Qxd5 Qb6 26. Qd7 Rd8 27.
Qe7 Rd5 28. Rc2 f5 29. Rc5 Rxc5 30. Qxc5 Qxb2 31. Rd1 1-0

[Event "Mercredi 2011.04.06 ABCD"]
[Site "Montreal CAN"]
[Date "2011.04.06"]
[Round "1"]
[White "Pregent, Daniel"]
[Black "Lacroix, Serge"]
[Result "0-1"]
[WhiteElo "1827"]
[BlackElo "1768"]
[PlyCount "106"]
[EventDate "2011.04.06"]
[EventType "tourn"]
[EventRounds "5"]
[EventCountry "CAN"]

1. d4 Nf6 2. Nf3 c5 3. d5 d6 4. c4 g6 5. Nc3 Bg7 6. h3 O-O 7. e4 a6 8. Be2 Nbd7
9. Be3 Qc7 10. Qd2 Ne5 11. Nh4 b5 12. cxb5 axb5 13. Nxb5 Qa5 14. f4 Qxd2+ 15.
Bxd2 Nxe4 16. fxe5 Bxe5 17. Nf3 Bxb2 18. O-O Ng3 19. Bc4 Nxf1 20. Rxf1 Bd7 21.
Nc3 Rfb8 22. Ng5 f6 23. Nge4 Bf5 24. Re1 Rb4 25. Bd3 Rd4 26. Re3 Bxe4 27. Nxe4
Rxa2 28. Bc3 Bxc3 29. Nxc3 Ra3 30. Bb5 Rb4 31. Bd7 Kf8 32. Kf2 Rbb3 33. Nd1
Ra2+ 34. Kf3 Rb1 35. Nc3 Rf1+ 36. Ke4 f5+ 37. Kd3 Rxg2 38. Kc4 Rb2 39. Nb5 Rb4+
40. Kc3 f4 41. Re6 Rf3+ 42. Kc2 Rf2+ 43. Kc3 Rh2 44. Re1 Rxh3+ 45. Bxh3 Rxb5
46. Be6 Rb4 47. Ra1 Kg7 48. Ra8 g5 49. Rg8+ Kf6 50. Rf8+ Kg6 51. Rf7 g4 52.
Rxe7 f3 53. Rf7 h5 0-1

[Event "Mercredi 2011.04.06 ABCD"]
[Site "Montreal CAN"]
[Date "2011.04.20"]
[Round "3"]
[White "Cardin, Guillaume"]
[Black "Lacroix, Serge"]
[Result "1-0"]
[WhiteElo "1825"]
[BlackElo "1768"]
[PlyCount "111"]
[EventDate "2011.04.06"]
[EventType "tourn"]
[EventRounds "5"]
[EventCountry "CAN"]

1. e4 e5 2. Nf3 Nf6 3. Nxe5 d6 4. Nf3 Nxe4 5. d4 d5 6. Bd3 Bg4 7. O-O Be7 8. c4
c6 9. Nc3 Nxc3 10. bxc3 O-O 11. h3 Bh5 12. Rb1 dxc4 13. Bxc4 b5 14. Bd3 Nd7 15.
Be4 Bg6 16. Bxg6 hxg6 17. Qb3 Qc7 18. Re1 Bf6 19. a4 a6 20. c4 Rfe8 21. Bg5
bxc4 22. Rxe8+ Rxe8 23. Qxc4 a5 24. d5 c5 25. Bd2 Ne5 26. Nxe5 Rxe5 27. Bf4 Qd7
28. Bxe5 Bxe5 29. Qxc5 Qxa4 30. d6 Qf4 31. Qc8+ Kh7 32. d7 Qh2+ 33. Kf1 Qh1+
34. Ke2 Qxb1 35. d8=Q Qe4+ 36. Kd1 Qa4+ 37. Qc2 Qa1+ 38. Ke2 Bf6 39. Qd5 Kg8
40. Qca2 Qc3 41. Qxf7+ Kh7 42. Qg8+ Kh6 43. Qd2+ g5 44. Qxc3 Bxc3 45. Qe6+ g6
46. f4 gxf4 47. Kf3 a4 48. Kxf4 a3 49. Qg8 Bd2+ 50. Kg4 Bc3 51. h4 Bb2 52. h5
gxh5+ 53. Kf5 Bg7 54. g3 h4 55. g4 a2 56. g5+ 1-0

[Event "Mercredi 2011.04.06 ABCD"]
[Site "Montreal CAN"]
[Date "2011.04.27"]
[Round "4"]
[White "Gates, Claude-Eric"]
[Black "Lacroix, Serge"]
[Result "0-1"]
[WhiteElo "1701"]
[BlackElo "1768"]
[PlyCount "91"]
[EventDate "2011.04.06"]
[EventType "tourn"]
[EventRounds "5"]
[EventCountry "CAN"]

1. c4 d5 2. cxd5 Qxd5 3. Nc3 Qa5 4. Nf3 Nc6 5. g3 Nf6 6. Bg2 e5 7. O-O e4 8.
Ne1 Bf5 9. d3 O-O-O 10. Be3 Bc5 11. Qb3 Be6 12. Qb5 Qxb5 13. Nxb5 exd3 14. exd3
Bxe3 15. fxe3 Ng4 16. Bxc6 bxc6 17. Nd4 Bd5 18. Nf5 g6 19. Ne7+ Kb7 20. Nxd5
Rxd5 21. e4 Rd7 22. Rc1 Ne5 23. Rc3 Rhd8 24. Rb3+ Kc8 25. Ra3 Nxd3 26. Nxd3
Rxd3 27. Rxa7 Kb8 28. Ra4 Rd1 29. Rb4+ Kc8 30. Rc4 Kb7 31. Rc2 Kb6 32. Rxd1
Rxd1+ 33. Kf2 h5 34. Ke3 g5 35. Rf2 Rb1 36. b3 Ra1 37. Kd4 f6 38. Re2 h4 39.
gxh4 gxh4 40. e5 c5+ 41. Ke4 fxe5 42. Kxe5 c6 43. Kf4 Rb1 44. Kf3 Kb5 45. Re7
Rb2 46. Rc7 0-1

[Event "Mercredi 2011.04.06 ABCD"]
[Site "Montreal CAN"]
[Date "2011.05.04"]
[Round "5"]
[White "Lacroix, Serge"]
[Black "Brassard, Sylvain"]
[Result "1-0"]
[WhiteElo "1768"]
[BlackElo "1867"]
[PlyCount "75"]
[EventDate "2011.04.06"]
[EventType "tourn"]
[EventRounds "5"]
[EventCountry "CAN"]

1. e4 Nf6 2. e5 Nd5 3. d4 d6 4. c4 Nb6 5. exd6 cxd6 6. Nf3 g6 7. Be3 Bg7 8.
Nbd2 O-O 9. Be2 e5 10. dxe5 dxe5 11. O-O Bf5 12. h3 Nc6 13. g4 Bd3 14. Bxd3
Qxd3 15. Qb3 Rad8 16. Ne1 Qe2 17. Nef3 Qd3 18. Ne1 Qe2 19. Nef3 e4 20. Rfe1 Qd3
21. Bxb6 axb6 22. Rxe4 Qxb3 23. axb3 Bxb2 24. Rb1 Bc3 25. Nf1 Rd3 26. Re3 Rfd8
27. Rxd3 Rxd3 28. Kg2 Na5 29. Ne3 Bf6 30. Nd5 Bd8 31. Re1 Kf8 32. Ne5 Rxb3 33.
Nd7+ Kg7 34. Re8 Nc6 35. f4 b5 36. g5 bxc4 37. N5f6 Bxf6 38. Nxf6 1-0

[Event "Pop 2"]
[Site "Montreal CAN"]
[Date "2011.05.14"]
[Round "1"]
[White "Morin, Louis"]
[Black "Lacroix, Serge"]
[Result "1-0"]
[WhiteElo "1918"]
[BlackElo "1822"]
[PlyCount "107"]
[EventDate "2011.03.12"]
[EventType "tourn"]
[EventRounds "3"]
[EventCountry "CAN"]

1. e4 Nf6 2. Nc3 e5 3. Nf3 Nc6 4. Bb5 d6 5. d4 exd4 6. Qxd4 Bd7 7. Bxc6 Bxc6 8.
Bg5 Be7 9. O-O-O O-O 10. Rhe1 Re8 11. Kb1 h6 12. Bh4 Nd7 13. Bxe7 Qxe7 14. Nd5
Bxd5 15. exd5 Qf6 16. Rxe8+ Rxe8 17. Qxa7 Nc5 18. Qa5 b6 19. Qd2 Na4 20. Qd4
Qxd4 21. Rxd4 Nc5 22. Rd1 Kf8 23. Nd4 Ne4 24. f3 Nf6 25. c4 Nd7 26. Kc2 Ne5 27.
b3 Ng6 28. Kd2 Ne5 29. Re1 Ra8 30. a4 g6 31. Nb5 Rc8 32. Na7 Ra8 33. Nb5 Rc8
34. Na7 Ra8 35. Nc6 Nxc6 36. dxc6 Ra5 37. Kc3 Rc5 38. Kd4 Rxc6 39. b4 d5 40.
cxd5 Rc2 41. a5 bxa5 42. bxa5 Ra2 43. Kc5 Rxa5+ 44. Kc6 Ra7 45. Re2 h5 46. Kd7
c5+ 47. Kc6 c4 48. d6 Ra6+ 49. Kd5 c3 50. d7 Ra8 51. Kc6 Rd8 52. Kc7 c2 53.
Rxc2 Ra8 54. d8=Q+ 1-0

[Event "Pop 3"]
[Site "Montreal CAN"]
[Date "2011.06.11"]
[Round "1"]
[White "Morin, Louis"]
[Black "Lacroix, Serge"]
[Result "1-0"]
[WhiteElo "1906"]
[BlackElo "1812"]
[PlyCount "99"]
[EventDate "2011.03.12"]
[EventType "tourn"]
[EventRounds "3"]
[EventCountry "CAN"]

1. e4 e5 2. Nf3 Nf6 3. Nxe5 d6 4. Nxf7 Kxf7 5. Bc4+ d5 6. Bb3 Bd6 7. d4 Re8 8.
O-O Bxh2+ 9. Kxh2 Ng4+ 10. Kg1 c6 11. Qf3+ Qf6 12. Bg5 Qxf3 13. gxf3 Nf6 14.
Bxf6 Kxf6 15. Nd2 Be6 16. c3 Nd7 17. Kg2 a5 18. Rh1 h6 19. e5+ Ke7 20. Bc2 Rf8
21. Rag1 Bf5 22. Bxf5 Rxf5 23. Kf1 Rf7 24. Ke2 Nf8 25. Ke3 Ne6 26. Rh4 Raf8 27.
Rgg4 c5 28. dxc5 Nxc5 29. b3 Ne6 30. c4 d4+ 31. Ke4 a4 32. b4 Ng5+ 33. Kxd4
Rd8+ 34. Ke3 Rxd2 35. Kxd2 Nxf3+ 36. Ke3 Nxh4 37. Rxh4 Ke6 38. Rf4 Rd7 39. Rd4
Rxd4 40. Kxd4 h5 41. f4 h4 42. Ke4 h3 43. f5+ Kf7 44. Kf3 g6 45. f6 g5 46. c5
g4+ 47. Kg3 Ke6 48. b5 a3 49. b6 Kd7 50. f7 1-0

[Event "Mercredi 2009.10.07 A-D"]
[Site "Montreal CAN"]
[Date "2009.10.07"]
[Round "1"]
[White "Lalonde, Paul"]
[Black "Lacroix, Serge"]
[Result "1-0"]
[WhiteElo "2029"]
[BlackElo "1860"]
[PlyCount "83"]
[EventDate "2009.10.07"]
[EventType "tourn"]
[EventRounds "5"]
[EventCountry "CAN"]

1. e4 e5 2. Nf3 Nf6 3. Qe2 Nc6 4. g3 Bc5 5. Bg2 d6 6. c3 O-O 7. O-O Bg4 8. h3
Bh5 9. b4 Bb6 10. Bb2 Re8 11. Na3 d5 12. d3 d4 13. g4 dxc3 14. Bxc3 Nxg4 15.
hxg4 Bxg4 16. Nc2 Re6 17. b5 Nd4 18. Bxd4 exd4 19. Rfc1 Rg6 20. Kf1 Qd7 21. Qd2
Bxf3 22. Bxf3 Qxb5 23. Rab1 Qe5 24. Ke2 Ba5 25. Qd1 b6 26. Qh1 c5 27. Na3 Bc3
28. Nc4 Qf4 29. Rg1 Rxg1 30. Rxg1 b5 31. Rg4 Qc7 32. Qh6 g6 33. Rh4 f5 34. exf5
Re8+ 35. Re4 Rxe4+ 36. Bxe4 bxc4 37. Bd5+ Qf7 38. Bxf7+ Kxf7 39. Qxh7+ Kf6 40.
Qxg6+ Ke5 41. Kf3 cxd3 42. Qe6# 1-0